Get the Picture: NBA #1 Draft Picks Quiz Stats

 Plays Quiz Updated Jun 13, 2019

Score 0/16 Timer 02:00
6 Plays Today
Question Answer Wrong Answers
Drafted the same year as Michael Jordan Hakeem Olajuwon
91.6%
Tim Duncan
3.8%
LeBron James
0.9%
Blake Griffin
0.4%
Drafted the same year as Stephen Curry Blake Griffin
90.1%
Hakeem Olajuwon
1.4%
Tim Duncan
1.5%
LeBron James
3.6%
Only one of the four to play his entire career with one team Tim Duncan
88.8%
Hakeem Olajuwon
5.6%
LeBron James
1%
Blake Griffin
1.2%
Did not attend college LeBron James
88.6%
Hakeem Olajuwon
4.2%
Tim Duncan
2%
Blake Griffin
1.4%
Drafted the same year as Dwyane Wade LeBron James
87.2%
Hakeem Olajuwon
1.8%
Tim Duncan
5%
Blake Griffin
2.2%
Won an NBA Slam Dunk Competition Blake Griffin
83.6%
Hakeem Olajuwon
5.3%
Tim Duncan
2.1%
LeBron James
5.6%
Drafted the same year as Tracy McGrady Tim Duncan
83.3%
Hakeem Olajuwon
7%
LeBron James
3.8%
Blake Griffin
2.2%
Attended the University of Houston Hakeem Olajuwon
82%
Tim Duncan
8.4%
LeBron James
1.1%
Blake Griffin
4.9%
Attended the University of Oklahoma Blake Griffin
81.9%
Hakeem Olajuwon
6.2%
Tim Duncan
7%
LeBron James
1.3%
Has the most MVP awards of the four (4 MVP awards) LeBron James
81.5%
Hakeem Olajuwon
5.4%
Tim Duncan
9%
Blake Griffin
0.4%
Has the most NBA Championships of the four (five titles) Tim Duncan
81.3%
Hakeem Olajuwon
4.4%
LeBron James
10.4%
Blake Griffin
0.5%
Attracted controversy due to the televised special known as 'The Decision' LeBron James
80.7%
Hakeem Olajuwon
6.7%
Tim Duncan
5.6%
Blake Griffin
3.5%
Attended Wake Forest Tim Duncan
77.9%
Hakeem Olajuwon
7.8%
LeBron James
3.2%
Blake Griffin
7.7%
Only one of the four to be born outside of the United States or its territories Hakeem Olajuwon
71.3%
Tim Duncan
22.3%
LeBron James
1%
Blake Griffin
2.1%
Missed what would have been his rookie season due to injury Blake Griffin
69.7%
Hakeem Olajuwon
16.7%
Tim Duncan
8.6%
LeBron James
1.3%
Only one of the four to NOT win Rookie of the Year Hakeem Olajuwon
57%
Tim Duncan
16.2%
LeBron James
3%
Blake Griffin
20.5%

Today's Daily Dose

You're not logged in!

Compare scores with friends on all Sporcle quizzes.
OR
Log In

Sporcle TV

Today on Sporcle TV


Watch our educational content, quiz creation guides, and fun videos on Sporcle TV.

Show Comments

Extras

Top Quizzes Today


Score Distribution

Your Account Isn't Verified!

In order to create a playlist on Sporcle, you need to verify the email address you used during registration. Go to your Sporcle Settings to finish the process.

Report this User

Report this user for behavior that violates our Community Guidelines.

Details: